000 01163nas a2200325 4500
001 BR8100594
003 BR-BrBNA
005 20231205084521.0
007 ta
008 230509b bl.|||p| |||| 00| 00por d
040 _aBR-BrBNA
_bpor
_cBiblioteca Nacional de Agricultura
041 _a(Pt)
072 _aF28
100 1 _aWunsche, W.A.
100 1 _aScopel, I.
100 1 _aDenardin, J.E.
100 1 _aSchneider, P.
100 1 _aMielniczuck, J.
100 1 _aCassol, E.A.
111 1 _a3. Encontro Nacional de Pesquisa em Conservacao do Solo
_cRecife, PE (Brazil)
_d28 Jul 1980
245 1 _aProjeto integrado de uso e conservacao do solo. Um esforco conjunto para a conservacao do solo no Rio Grande do Sul [Brasil]
246 1 _a[Integrated project for soil use and conservation. A joint effort for soil conservation in Rio Grande do Sul [Brazil]]
650 _aRecuperacao do solo
650 _aErosao do solo
650 _aConservacao
650 _aRio Grande do Sul
773 0 _tTrigo e Soja (Brazil)
_xISSN 0100-5456
_g(Oct 1980), (no. 51) p. 20-25
_wBR8100594
909 _a202311
_bLúcia
_c55
_dLúcia Elande
942 _2AGRIS
_n0
_cANA
999 _c105702
_d105702